| 000 | 00671nam a22002297a 4500 | ||
|---|---|---|---|
| 003 | OSt | ||
| 005 | 20140310182353.0 | ||
| 008 | 131001t xxu||||| |||| 00| 0 eng d | ||
| 020 | _a9780545013192 | ||
| 050 |
_aGR 830.D7 _b.M478 2007 |
||
| 082 |
_aGS 398.24 _bM13 2007 |
||
| 100 |
_aMcCall, Gerrie _922242 |
||
| 245 |
_aDragons : _bFearsome monsters from myth and fiction / _cGerrie McCall. |
||
| 260 |
_aNew York : _bTangerine Press, _cc2007. |
||
| 300 |
_a48 p. : _bill, ; _c21 cm. |
||
| 500 | _aincludes index. | ||
| 541 | _j1 | ||
| 562 | _e1 | ||
| 650 |
_aAnimals _xfolklore. _922243 |
||
| 650 |
_aMythical animals. _922244 |
||
| 942 |
_2lcc _cBK-GS |
||
| 999 |
_c12412 _d12412 |
||